Регионална библиотека "Любен Каравелов" - Русе

Най-хубавата книга за корабите (Запис номер 84348)

MARC детайли
000 -Лидер
Контролно поле с фиксирана дължина 01388nam a2200337 a 4500
003 - Код на организацията, давaща контролен номер
Контролно поле BLK
005 - Дата и час на последна редакция
Контролно поле 20231202151458.0
008 - Елементи от данни с фиксирана дължина
fixed length control field 180408b bul|||||r ||||||| ||bul||
020 ## - Международен стандартен номер на книга ISBN
Международен стандартен номер на книга ISBN 9789545288371
040 ## - Източник на каталожния запис
Идентификатор на билиотеката - собственик на записа BLK
041 ## - Код за език
Код за езика на текст/звукозапис или на отделно заглавие Български
Код за езика КДБФ Български
080 ## - УДК
Текстов определител УДК Средства на водния транспорт. Плавателни съдове. Корабостроене
УДК код - определител по УДК 629.12
УДК - код + определител 629.12
100 1# - Редна дума - Автор
Автор Уилкинсън, Филип
Авторска отговорност първи автор
R(LIN) 367671
139 ## - Редно поле
Редна дума Уилкинсън, Филип
Авторски знак Уилк - У 38
245 10 - Сведения за заглавието
Заглавие Най-хубавата книга за корабите
Подзаглавни данни История, открития, битки, навигация
Редно поле (дума) Филип Уилкинсън ; прев. от англ. Калчо Вълков.
257 ## - Страна на издаване
Страна на създаване/издаване Великобритания
260 ## - Област на издателските данни
Име на издателя, разпространителя и проч. Труд
Година на издаване 2008
Печатница София : Д. Благоев
Място на издаване, разпространение и проч. София
300 ## - Физическа характеристика
Страници 64 с.
Илюстрации и др. с цв. ил.
Размери/Мащаб 29 см
380 ## - Жанр
Жанр Детска отраслова лит.
500 ## - Общи забележки
Забележка Без сведение за ориг. загл.
650 #4 - Допълнително описание по предмет – тема
Основно описание – тема или топоним Кораби
9 (RLIN) 159349
653 ## - Ключова дума – ненормативна
Ключова дума кораби
653 ## - Ключова дума – ненормативна
Ключова дума история
653 ## - Ключова дума – ненормативна
Ключова дума детска литература
700 1# - Други автори (авторска отговорност)
Лично име Вълков, Калчо
Автороска отговорност (Описва отношението между автора и произведението) прев. от англ.
9 (RLIN) 372803
852 ## - Местоположение
Форматна сигнатура Цб ІІ 15574
Фондова буква Хранилище
852 ## - Местоположение
Фондова буква Детски отдел
Систематично-азбучна сигнатура 629/У 38 Ф
999 ## - СИСТЕМНИ КОНТРОЛНИ НОМЕРА
Koha biblionumber 84348
Koha biblioitemnumber 84348
942 ## - АРТИКУЛИ
Вид на библиотечния материал Книги
Скрит в OPAC Не
Периодичен библиозапис Да
Koha issues (borrowed), all copies 4
944 ## - СЪЗДАВАНЕ И РЕДАКЦИЯ на ЗАПИСА
Създаване/Редакция Създаване
Дата на регистрацията/редакция 10.04.2009
Служител, извършил регистрацията/редакцията 30532
Статус, дата на статуса Мира Стойчева
944 ## - СЪЗДАВАНЕ И РЕДАКЦИЯ на ЗАПИСА
Създаване/Редакция Редакция
Дата на регистрацията/редакция 2022-09-14
Служител, извършил регистрацията/редакцията Кети
Наличности
Код за отписване Код за изгубен артикул Код за повреда Коз за рестрикции Код за отдаване Артикулен № Име на библиотеката - собственик Име на библиотеката, в която се намира в момента Статус (Текущо местоположение) Дата на вписване в системата Местоположение - отдел Цена в лева Инвентарен номер Систематично азбучна сигнатура Баркод Номер на екземпляра Цена в евро Служебна бележка Служебен тип на артикула Източник на класификационната схема
  Не е изгубен Не е повреден без рестрикции ползва се в читалня 136893 Регионална библиотека "Любен Каравелов" Русе Регионална библиотека "Любен Каравелов" Русе Хранилище 2009-04-10 Хранилище 14.99 120000734976 Цб ІІ 15574 120000734976 1 7.66 Дост: Dp Вид: Д N: 46 Дата: 29.10.2008 Книги  
  Не е изгубен Не е повреден без рестрикции заемане за дома 906675 Регионална библиотека "Любен Каравелов" Русе Регионална библиотека "Любен Каравелов" Русе Детски отдел 2022-10-06 Детски отдел 14.99   629/У 38 Ф 120000877996   7.66   Книги Universal Decimal Classification
  Не е изгубен Не е повреден без рестрикции заемане за дома 906676 Регионална библиотека "Любен Каравелов" Русе Регионална библиотека "Любен Каравелов" Русе Детски отдел 2022-10-06 Детски отдел 14.99   629/У 38 Ф 120000877995   7.66   Книги Universal Decimal Classification
Vip Innovations Ltd, Rousse, Bulgaria 2025